000 00579nam a22002177a 4500
003 OSt
005 20140312145048.0
008 131008t xxu||||| |||| 00| 0 eng d
020 _a9780439661621
050 _aPZ 7
_b.St857g13 2004
100 _aStilton, Geronimo
245 _aThe phantom of the subway /
_bGeronimo Stilton.
260 _aNew York :
_bScholastic Inc.,
_c2004
300 _a109 p. :
_bill. col. ;
_c20 cm.
440 _aGeronimo Stilton
_n#13
521 _aG2
526 _c470
650 _aFiction
_xJuvenile
_926638
942 _2lcc
_cBK
999 _c42971
_d42971